कपास के फूल : (Record no. 116506)

MARC details
000 -LEADER
fixed length control field 01078nam a22002537a 4500
005 - DATE AND TIME OF LATEST TRANSACTION
control field 20170124103040.0
010 ## - LIBRARY OF CONGRESS CONTROL NUMBER
LC control number A-732141
020 ## - INTERNATIONAL STANDARD BOOK NUMBER
Terms of availability 60.00
035 ## - SYSTEM CONTROL NUMBER
System control number A-732141
037 ## - SOURCE OF ACQUISITION
Source of stock number/acquisition Cen Lib/Ret
040 ## - CATALOGING SOURCE
Original cataloging agency DPL
Language of cataloging HN
082 ## - DEWEY DECIMAL CLASSIFICATION NUMBER
Classification number
Item number कुलश्रे
100 ## - MAIN ENTRY--PERSONAL NAME
Personal name कुलश्रेष्ठ, सरोजनी
9 (RLIN) 5721
245 ## - TITLE STATEMENT
Title कपास के फूल :
Statement of responsibility, etc सरोजनी कुलश्रेष्ठ
Remainder of title कहानी संग्रह /
246 ## - VARYING FORM OF TITLE
Title proper/short title Kapas ke phool : kahani sangarh /
Remainder of title by Sarojani Kulshreshth
260 ## - PUBLICATION, DISTRIBUTION, ETC. (IMPRINT)
Place of publication, distribution, etc नई दिल्ली
Name of publisher, distributor, etc संजीव प्रकाशन
Date of publication, distribution, etc 1995
270 ## - ADDRESS
City नई दिल्ली
Address 3613 दरयागंज
Postal code 110002
300 ## - PHYSICAL DESCRIPTION
Extent 128पृ.
Dimensions 16सेमी (सजिल्द)
650 ## - SUBJECT ADDED ENTRY--TOPICAL TERM
Topical term or geographic name as entry element हिन्दी साहित्य
9 (RLIN) 66888
650 ## - SUBJECT ADDED ENTRY--TOPICAL TERM
Topical term or geographic name as entry element हिन्दी साहित्य
General subdivision कहानियां
9 (RLIN) 63853
650 ## - SUBJECT ADDED ENTRY--TOPICAL TERM
Topical term or geographic name as entry element Hindi Literature
9 (RLIN) 66889
650 ## - SUBJECT ADDED ENTRY--TOPICAL TERM
Topical term or geographic name as entry element Hindi Literature
General subdivision stories
9 (RLIN) 66890
942 ## - ADDED ENTRY ELEMENTS (KOHA)
Source of classification or shelving scheme Dewey Decimal Classification
Koha item type Hindi Books
Classification part
Call number suffix कुलश्रे
Holdings
Withdrawn status Lost status Damaged status Not for loan Home library Current library Date acquired Source of acquisition Cost, normal purchase price Total Checkouts Full call number Barcode Date last seen Copy number Cost, replacement price Price effective from Koha item type
        Central Library Central Library 24/08/2015 Cen Lib/Ref 60.00   क कुलश्रे A-732141 24/08/2015 1 60.00 24/08/2015 Hindi Books

© Delhi Public Library
Hit Counter
free hit counter